1477 1724 1944 1680 1299 1373 1192 1257 1018 1894 1190 1150 1778 1220 1868 1648 1014 1590 1017 1258 1130 1914 1752 1560 1519 1215 1693 1919 1634 1134 1059 1847 1153 1031 1707 1488 1920 1159 1572 1443 1173 1801 1023 1335 1858 1157 1253 1991 1441 1577 1310 1984 1465 1903 1862 1127 1003 1901 1647 1683 1707 1421 1845 1366 1432 1432 1007 1974 1559 1510 1220 1457 1565 1250 1594 1716 1773 1260 1548 1903 1569 1724 1752 1048 1572 1732 1195 1016 1546 1973 1199 1441 1826 1591 1327 1355 1829 1471 1775 BCNSPRNW ULIB Ver.6.0+V

เปลี่ยนเป็นภาษาไทย

Change to English
 แสดงรายละเอียดบรรณานุกรม
  กลับหน้าหลัก

Brief Record : Get Marc (ISO 2709) : E-mail record : QR code < ปิดหน้าต่าง
LEADER : 00000nam 2200000uu 4500
001    13399122455
003     ULIB
008    020711s2550 th a 000 0 tha d
020    9789741643813
090    นว.^bล712ร
100    ลูกชุบ
245    รักร้ายหัวใจไม่ได้ล๊อค Triple Nine Apartment /^bลูกชุบ
250    พิมพ์ครั้งที่ 1
260    กรุงเทพฯ :^bแจ่มใส,^c2550
300    273 หน้า
710 1  แจ่มใส
945    ^p199^l0^i19951
999    ^aทศพร เกษรทอง
รายการนี้ยังไม่มีแท็ก
คุณยังไม่ได้ล็อกอิน คุณสามารถมีกิจกรรมร่วมกับเว็บไซต์ได้ แต่ต้องล็อกอินก่อน ::
  ล็อกอิน

รายการสื่อสารสนเทศ

ลำดับที่ ประเภท เลขเรียก/บาร์โค้ด สถานที่ สถานะ
1. นวนิยาย
นวนิยาย
นว. ล712ร ฉ.1 
  Barcode: 19951
ห้องสมุดวิทยาเขตสวรรค์ประชารักษ์
►นวนิยาย
บนชั้น
  ขอยืม

รายการใกล้เคียง
    ผู้แต่ง [ลูกชุบ]

BibComment


ยังไม่เคยถูกคอมเมนท์

คอมเมนท์ทรัพยากรรายการนี้
  คอมเมนท์: รักร้ายหัวใจไม่ได..


 Copyright 2026. Bcnsprnw @Library